000 00628nam a2200217 i 4500
001 31208
003 ES-MaACL
005 20260525062925.0
007 t|
008 030128s1957 sp |||| | spa d
100 1 _aBenavente, Jacinto,
_d1866-1954
_927443
245 1 3 _aLa Malquerida
_b; La noche del sábado /
_cJacinto Benavente.
250 _a8ª ed.
260 _a[Madrid] :
_bEspasa-Calpe,
_c1957.
300 _a160 p. ;
_c18 cm.
490 1 _aColección austral ;
_v84
740 3 2 _aLa noche del sábado.
830 0 _aColección austral
_v84
_9177655
852 _aES-MaACL
_jC-12471
999 _c31208
_d31208